000 00440nam a22001577a 4500
003 NUST - PNEC
005 20170116181036.0
008 150919b xxu||||| |||| 00| 0 eng d
020 _a8170294150
040 _cLIBRARY
082 _a621.38152 BPB
245 _aUp-to-date world's transistors-diodes thyristors & IC's comparison tables 1N ... 60.000 ... u.
260 _cc.1998
650 _911420
_aSemiconductors
_xEE
942 _2ddc
_cBK
999 _c67953
_d67953